000 00590nam a2200253Ia 4500
005 20260121161101.0
008 008 260114s9999 xx 000 0 eng d
020 _a9780203751091
037 _aEBOOK
040 _aCRL
040 _beng
040 _cCRL
041 _2eng
041 _aeng
084 _qCRL
100 _a Stanley E. Manahan
_91039999
245 0 _aIndustrial Ecology
260 _bTaylor and Francis
260 _c1999
856 _uhttp://www.taylorfrancis.com/books/9780203751091
942 _cEBOOK
999 _c1606815
_d1606815